000 00715nam a2200229 i 4500
001 bg
100 1 _aSTANIEK, Roman
245 1 0 _aPozycjonowanie elektrohydraulicznych napędów liniowych ze sprzężeniem hydraulicznym i mechanicznym /
_cRoman Staniek.
260 _aPoznań :
_bWydaw. Politechniki Poznańskiej,
_c1999.
300 _a92 s. :
_brys., wykr. ;
_c24 cm.
500 _aStreszcz. ang.
504 _aBibliogr. s. 85-91.
650 9 _aNapęd hydrauliczny
_xbadanie
650 9 _aNapęd elektrohydrauliczny
_xbadanie
020 _a8371434804
040 _cBPK
041 0 _apl
_ben
080 _a62-82/-83
920 _a83-7143-480-4
942 _cKS
008 s pl f |000 0 pol
999 _c37985
_d37985
856 _uhttp://koha.tu.koszalin.pl/cgi-bin/koha/opac-detail.pl?biblionumber=37985
_yKatalog online BPK